| 000 | 00570nam a2200181 i 4500 | ||
|---|---|---|---|
| 001 | 92561 | ||
| 003 | ES-MaACL | ||
| 007 | t| | ||
| 008 | 050310s1907 gw ||||1| ger d | ||
| 100 | 1 |
_aLipps, G. F. _972508 |
|
| 245 | 1 | 0 |
_aMythenbildung und Erkenntnis _b: eine abhandlung über die grundlagen der philosophie / _cvon G. F. Lipps. |
| 260 |
_aLeipzig : _bB. G. Teubner, _c1907. |
||
| 300 |
_aVIII, 312 p. ; _c19 cm. |
||
| 490 | 1 | _aWissenschaft und hypothese | |
| 830 | 0 |
_aWissenschaft und hypothese _9231768 |
|
| 852 |
_aES-MaACL _jG-1269 |
||
| 999 |
_c92561 _d92561 |
||